Diagnostika podnikových procesov v kontexte šedej ekonomiky

Bibliographic Details
Main Author: Rybárová, Daniela, 1967- (Author)
Format: Software eBook
Language:Slovak
PhysicalDescription:1 CD-ROM farebný 12 cm
Published: Bratislava Ekonóm 2016
ISBN:9788022543378
Subjects:

MARC

LEADER 00000nam a2200000 4500
001 vtls011870305
003 SK-MaSNL
005 20260426000659.0
007 co cg muuua
008 190610s2016 xo | fqn 000 0 slo
015 |a SNBS2019 
020 |a 9788022543378  |q (elektronická kniha) 
040 |a SNK  |b slo  |c SNK  |e rda 
041 0 |a slo  |b eng 
043 |a e-xo--- 
044 |a xo  |c SK 
072 7 |a 338.3/.4  |x Hospodárske a výrobné odvetvia  |2 konspekt 
080 |a 338.4-027.572  |2 2011 
080 |a 004.451.2  |2 2011 
080 |a (437.6)  |2 2011 
080 |a (082)  |2 2011 
080 |a (0.034.44)  |2 2011 
100 1 |a Rybárová, Daniela,  |d 1967-  |4 aut  |9 177793 
245 1 0 |a Diagnostika podnikových procesov v kontexte šedej ekonomiky  |c Daniela Rybárová a kolektív 
264 1 |a Bratislava  |b Ekonóm  |c 2016 
300 |a 1 CD-ROM  |b farebný  |c 12 cm 
336 |a text  |b txt  |2 rdacontent 
337 |a počítač  |b c  |2 rdamedia 
338 |a počítačový disk  |b cd  |2 rdacarrier 
347 |a textový súbor  |b PDF  |b MS Word  |2 rda 
500 |a Nad názvom: Ekonomická univerzita v Bratislave, Fakulta podnikového manažmentu 
504 |a Obsahuje bibliografie 
546 |a Anglické resumé 
650 0 7 |a skrytá ekonomika  |2 SNKPH  |9 68777 
650 0 7 |a manažment procesov  |2 SNKPH  |9 79020 
650 0 7 |a Informal sector (economics)  |2 SNKPHeng  |9 466793 
650 0 7 |a Process management  |2 SNKPHeng  |9 316258 
651 7 |a Slovensko  |2 SNKPHgeo  |9 14231 
651 7 |a Slovakia  |2 SNKPHeng  |9 92630 
655 7 |a zborníky  |2 SNKPH  |9 70165 
655 7 |a CD-ROM  |2 SNKPH  |9 70236 
655 7 |a Papers of several authors  |2 SNKPHeng  |9 153738 
710 2 |a Ekonomická univerzita v Bratislave.  |b Fakulta podnikového manažmentu  |4 pbl  |9 173678 
919 |a 978-80-225-4337-8 
958 |a NB 
999 |c 862239  |d 864169 
952 |a SNK  |b SNK  |y PREZ  |7 0  |p 17A1373246  |o snkSCDM 10634  |i snk2019/15973  |8 0  |0 0  |1 0  |4 0  |d 2019-06-10  |l 0  |r 2026-02-24 05:16:07  |w 2026-02-24 
952 |t snkDIA 33  |a SNKMST  |b SNKMST  |y PREZ  |7 0  |p 17A1373247  |o snkSCDM 10634 D1  |i snk2019/15974  |8 0  |0 0  |1 0  |4 0  |d 2019-06-10  |l 0  |r 2025-08-11 00:00:00  |w 2026-02-24